| 000 | 00652cam a22002052 4500 | ||
|---|---|---|---|
| 001 | 0000000195 | ||
| 005 | 20151021151040.0 | ||
| 008 | 070116s xx 000 0 eng d | ||
| 020 |
_a0732939437 : _cKES 4,950 |
||
| 040 |
_aKABU _cKABU |
||
| 100 | 1 |
_aLegge, John. _@0000148285 |
|
| 245 | 1 | 0 |
_aEntrepreneurship : _bhow innovators create the future / _cJohn Legge, Kevin Hindle. |
| 260 |
_aMelbourne : _bMacmillan Educ., _c1997. |
||
| 300 | _axiv, 591 p. | ||
| 650 | 0 |
_aEntrepreneurship _zAustralia. _@0000160868 |
|
| 700 | 1 |
_aHindle, Kevin. _@0000160499 |
|
| 908 | _a070116 | ||
| 950 | _@1 | ||
| 999 |
_c65 _d65 |
||